| 000 | 00729nam a22002177a 4500 | ||
|---|---|---|---|
| 999 |
_c17491 _d17491 |
||
| 003 | AR-CdUCM | ||
| 008 | 190508b ||||| |||| 00| 0 spa d | ||
| 040 |
_aMUNICIPALIDAD PROVINCIAL DEL CUSCO _cBIBLIOTECA MUNICIPAL DEL CUSCO |
||
| 082 |
_a838.96 / _bW47 |
||
| 100 |
_aWerfel, Franz _937533 |
||
| 245 |
_aJuárez y Maximiliano : _bhistoria dramática en tres actos y trece cuadros / |
||
| 260 |
_aMéxico D. F. : _bNacional, _c1972. |
||
| 300 |
_a237 páginas ; _c18 cm. |
||
| 505 | _aContenido: Teatro. | ||
| 650 |
_aTeatro alemán _93489 |
||
| 650 |
_aSiglo XX _98 |
||
| 650 |
_aTeatro histórico mexicano _921699 |
||
| 700 |
_aJimenez D., Enrique (traducción) _937534 |
||
| 942 |
_2ddc _cLIBROS |
||
| 945 |
_aachl _d2019-05-08 |
||